10 makers of the Indian constitution / (Record no. 3429)

000 -LEADER
fixed length control field 00545nam a2200181Ia 4500
008 - FIXED-LENGTH DATA ELEMENTS--GENERAL INFORMATION
fixed length control field 250416t2025 xx |||||||||||||| ||und||
020 ## - INTERNATIONAL STANDARD BOOK NUMBER
International Standard Book Number 9780143473152
Terms of availability Rs. 250.00
040 ## - CATALOGING SOURCE
Original cataloging agency IMU Kochi Library
082 04 - DEWEY DECIMAL CLASSIFICATION NUMBER
Classification number 920.008
Item number V559
Edition number 23
100 1# - MAIN ENTRY--PERSONAL NAME
Personal name Venkatesh, Karthik
245 14 - TITLE STATEMENT
Title 10 makers of the Indian constitution /
260 ## - PUBLICATION, DISTRIBUTION, ETC. (IMPRINT)
Place of publication, distribution, etc Haryana :
Name of publisher, distributor, etc Penguin random house,
Date of publication, distribution, etc 2025
300 ## - PHYSICAL DESCRIPTION
Extent 125 p.
Other physical details :
Dimensions ; 20 cm.
650 #0 - SUBJECT ADDED ENTRY--TOPICAL TERM
Topical term or geographic name as entry element Politicians
Form subdivision Biography
650 #0 - SUBJECT ADDED ENTRY--TOPICAL TERM
Topical term or geographic name as entry element Constitution
General subdivision Law and legislation
Geographic subdivision India
852 ## - LOCATION/CALL NUMBER
Location IMU Kochi Library
942 ## - ADDED ENTRY ELEMENTS (KOHA)
Item type Books
Holdings
Withdrawn status Lost status Source of classification or shelving scheme Damaged status Not for loan Collection code Permanent location Current location Shelving location Date acquired Source of acquisition Cost, normal purchase price Full call number Barcode Date last seen Koha item type Public note
          Non-fiction IMU Kochi Library IMU Kochi Library General Stacks 2025-04-01 Direct online purchase from Amazon (CJB1-4474542 dt. 28.03.2025) 188.00 920.008 V559 BK006900 2025-05-05 Books Shelf-19, Row-3
          Non-fiction IMU Kochi Library IMU Kochi Library General Stacks 2025-04-01 Direct online purchase from Amazon (CJB1-4474542 dt. 28.03.2025) 188.00 920.008 V559 BK006901 2025-05-05 Books Shelf-19, Row-3
          Non-fiction IMU Kochi Library IMU Kochi Library General Stacks 2025-04-01 Direct online purchase from Amazon (CJB1-4474542 dt. 28.03.2025) 188.00 920.008 V559 BK006902 2025-05-05 Books Shelf-19, Row-3


Copyright © All Rights Reserved by Indian Maritime University, Kochi Campus.
For any Suggestions/Query Contact to library or Email: library.kochi@imu.ac.in Ph:(0484)-2989402
(Web OPAC Designed by Rudra Ranjan. Maintained by IMU Kochi Library)

Powered by Koha